000 00707nam a2200133Ia 4500
008 220620s9999||||xx |||||||||||||| ||und||
020 _a9782890000000
245 0 _aFunctional and Comparative Genomics of Saccharomyces and non-Saccharomyces Yeasts: Potential for Industrial and Food Biotechnology
546 _aEnglish[eng]
650 _aSaccharomyces||Non-conventional yeasts||Genetics and Genomics||Functional and Comparative Genomics||Industrial and Food Biotechnology
700 _aSá-Correia, Isabel||Louis, Ed
856 _uhttps://www.frontiersin.org/research-topics/7243/functional-and-comparative-genomics-of-saccharomyces-and-non-saccharomyces-yeasts-potential-for-indu#overview
942 _cEB
999 _c26924
_d26924